Normal view
MARC view
Entry Topical Term
001 - CONTROL NUMBER
- control field: 16474
003 - CONTROL NUMBER IDENTIFIER
- control field: dpl
005 - DATE AND TIME OF LATEST TRANSACTION
- control field: 20100825110653.0
008 - FIXED-LENGTH DATA ELEMENTS
- fixed length control field: 100825|||a|||||| | ||| d
040 ## - CATALOGING SOURCE
- Original cataloging agency: dpl
- Transcribing agency: dpl
150 ## - HEADING--TOPICAL TERM
- Topical term or geographic name as entry element: Corporate Governance
670 ## - SOURCE DATA FOUND
- Source citation: Work cat.: (dpl)36840: Mandal,S.K. 16472, Ethics in business and corporate governance /, 2010
670 ## - SOURCE DATA FOUND
- Source citation: Work cat.: (dpl)36840: Mandal,S.K. 16472, Ethics in business and corporate governance /, 2010
